| Tag |
First Indicator |
Second Indicator |
Subfields |
| LEADER |
00000cam a2200000 a 4500 |
| 001 |
in00000036226 |
| 005 |
20151007055416.0 |
| 008 |
870820s1987 mdua 00010deng |
| 010 |
|
|
|a 87024051
|
| 020 |
|
|
|a 0819164976 (alk. paper) :
|c $24.95
|
| 035 |
|
|
|a (OCoLC)16649482
|
| 035 |
|
|
|9 AAB8170AM
|
| 040 |
|
|
|a DLC
|c DLC
|d TXA
|d UtOrBLW
|
| 043 |
|
|
|a n-us---
|
| 049 |
|
|
|a TXAM
|c [A11074386]
|
| 050 |
0 |
0 |
|a E176.2
|b .R67 1987
|
| 082 |
0 |
|
|a 973/.09/92
|2 19
|
| 100 |
1 |
|
|a Rosebush, James S.
|
| 245 |
1 |
0 |
|a First lady, public wife :
|b a behind-the-scenes history of the evolving role of first ladies in American political life /
|c James S. Rosebush.
|
| 264 |
|
1 |
|a Lanham, MD :
|b Madison Books,
|c [1987]
|
| 264 |
|
4 |
|c ©1987
|
| 300 |
|
|
|a 128 pages :
|b illustrations (some color) ;
|c 29 cm.
|
| 336 |
|
|
|a text
|b txt
|2 rdacontent
|
| 337 |
|
|
|a unmediated
|b n
|2 rdamedia
|
| 338 |
|
|
|a volume
|b nc
|2 rdacarrier
|
| 650 |
|
0 |
|a Presidents' spouses
|z United States.
|
| 999 |
|
|
|a MARS
|
| 999 |
f |
f |
|s 6d10e33f-21ad-3197-8c0d-0ce67294c275
|i 54d5597a-eb12-3710-a580-ed7ab28fc6bd
|t 0
|
| 952 |
f |
f |
|p ric
|a Texas A&M University
|b Rellis Campus
|c Joint Library Facility
|d Remote Storage
|t 0
|e E176.2 .R67 1987
|h Library of Congress classification
|i unmediated -- volume
|m A14811074386
|
| 998 |
f |
f |
|a E176.2 .R67 1987
|t 0
|l Remote Storage
|